zpět

Detail výsledku týmu

Záložna ST, Pardubice

Datum a čas kvízu

30 Celkem bodů Celkový počet nahraných bodů na tomto kvízu bez doplňovacích otázek.
7. Pořadí na kvízu Konečné umístění týmu na tomto kvízu.

Zaznamenané odpovědi

# Otázka Odpověď Body Výsledky
1. Setkání otce a syna Babišových... v Ústí nad Labem 0
2. Farmaceutická společnost Johns... před AIDS (uznáváme i odpověď HIV) 1
3. Jak se jmenuje slavná kapela z... ABBA 1
4. Průměrná měsíční mzda v Česku... 32 408 Kč (uznáváme 31 i 33 408 Kč) 1
5. Jeden český sportovec si ve st... Ondrovi 1
6. V nedávném tématu jsme se vyda... Vostok 1 0
7. Celá šedesátá léta 20. století... Buzz Aldrin, Michael Collins 0
8. Vladimír Remek je 87. kosmonau... C 0
9. První a jediný sovětský raketo... Buran 0
10. SpaceX je americká technologic... Falcon 0